00729nam a2200145 a 450000100100000000500170001000800410002704000250006824502160009326000570030930000210036604900090038795201700039699900170056600003231920200930065559.0110714s1929 dr 000 0 spa d aDO-SdBNPbspacBNPHU00aMemoria correspondiente al año 1927, que al ciudadano presidente de la república presenta al presidente de la República presenta al señor M. Martín de Moya, secretario de Estado de Hacienda y Comercio. aSanto Domingo :bImp. de J. R. Vda. García,c1929. a204 p. ;c30 cm. aBNPD 0010718PDaPDbPDcCTd2011-07-14iLF1l0o p32319-10r2020-06-25w2020-06-25yLFPDzPerteneció a la biblioteca personal de Germán Emilio Ornes.ZNo se presta c31810d31810